000 00306nam a2200133 i 4500
001 bg
100 1 _aPANKOWSKI, Franciszek
245 0 _aOdra - Algol /
_cFranciszek Pankowski.
260 _aBydgoszcz,
_c1970.
040 _cBPK
041 _apol
942 _cKS
008 s pl f |000 0 pol
999 _c7206
_d7206
856 _uhttp://koha.tu.koszalin.pl/cgi-bin/koha/opac-detail.pl?biblionumber=7206
_yKatalog online BPK